<?xml version="1.0" encoding="UTF-8"?>
<record
    xmlns:xsi="http://www.w3.org/2001/XMLSchema-instance"
    xsi:schemaLocation="http://www.loc.gov/MARC21/slim http://www.loc.gov/standards/marcxml/schema/MARC21slim.xsd"
    xmlns="http://www.loc.gov/MARC21/slim">

  <leader>00540nam a2200169Ia 4500</leader>
  <controlfield tag="008">230718s9999    xx            000 0 und d</controlfield>
  <datafield tag="020" ind1=" " ind2=" ">
    <subfield code="a">9789352138128</subfield>
  </datafield>
  <datafield tag="041" ind1=" " ind2=" ">
    <subfield code="a">eng</subfield>
  </datafield>
  <datafield tag="082" ind1=" " ind2=" ">
    <subfield code="a">005.13'3</subfield>
    <subfield code="b">PAT</subfield>
  </datafield>
  <datafield tag="100" ind1=" " ind2=" ">
    <subfield code="a">Patel A.A.</subfield>
    <subfield code="9">201904</subfield>
  </datafield>
  <datafield tag="245" ind1=" " ind2=" ">
    <subfield code="a">Hands-On Unsupervised Learning Using Python</subfield>
    <subfield code="b">How To Build Applied Machine Learning Solutions From Unlabeled Data</subfield>
  </datafield>
  <datafield tag="260" ind1=" " ind2=" ">
    <subfield code="c">2019</subfield>
    <subfield code="b">SPD / O'reilly</subfield>
  </datafield>
  <datafield tag="300" ind1=" " ind2=" ">
    <subfield code="a">337</subfield>
  </datafield>
  <datafield tag="365" ind1=" " ind2=" ">
    <subfield code="c">Rs.</subfield>
    <subfield code="b">1225.00</subfield>
  </datafield>
  <datafield tag="700" ind1=" " ind2=" ">
    <subfield code="a">Patel A.A.</subfield>
    <subfield code="9">201904</subfield>
  </datafield>
  <datafield tag="906" ind1=" " ind2=" ">
    <subfield code="d">O:0684708-Jan-2020B:10826-Dec-2019</subfield>
    <subfield code="c">COMP</subfield>
    <subfield code="b">306.25</subfield>
  </datafield>
  <datafield tag="999" ind1=" " ind2=" ">
    <subfield code="c">350761</subfield>
    <subfield code="d">350761</subfield>
  </datafield>
  <datafield tag="952" ind1=" " ind2=" ">
    <subfield code="0">0</subfield>
    <subfield code="1">0</subfield>
    <subfield code="4">0</subfield>
    <subfield code="7">0</subfield>
    <subfield code="a">CCEP</subfield>
    <subfield code="b">CCEP</subfield>
    <subfield code="d">2020-01-08</subfield>
    <subfield code="e">Shiv Book Center</subfield>
    <subfield code="f">COMP</subfield>
    <subfield code="g">918.75</subfield>
    <subfield code="i">108</subfield>
    <subfield code="l">0</subfield>
    <subfield code="o">005.13'3</subfield>
    <subfield code="p">CCEP-BK-61968</subfield>
    <subfield code="r">2023-07-18 00:00:00</subfield>
    <subfield code="t">306.25</subfield>
    <subfield code="v">1225.00</subfield>
    <subfield code="w">2019-12-26</subfield>
    <subfield code="y">BK</subfield>
    <subfield code="z">061968</subfield>
  </datafield>
</record>
